Sabāā sabz bāgh. (Record no. 71306)

MARC details
000 -LEADER
fixed length control field 00503cam a22002171 4500
001 - CONTROL NUMBER
control field sa 66007648
003 - CONTROL NUMBER IDENTIFIER
control field DLC
005 - DATE AND TIME OF LATEST TRANSACTION
control field 20260227112306.0
008 - FIXED-LENGTH DATA ELEMENTS--GENERAL INFORMATION
fixed length control field 890926s1965 xx 000 0 urd
010 ## - LIBRARY OF CONGRESS CONTROL NUMBER
LC control number sa 66007648
035 ## - SYSTEM CONTROL NUMBER
System control number (OCoLC)23539470
040 ## - CATALOGING SOURCE
Original cataloging agency DLC
Transcribing agency MiU
Modifying agency DLC
042 ## - AUTHENTICATION CODE
Authentication code premarc
050 00 - LIBRARY OF CONGRESS CALL NUMBER
Classification number BP193
Item number .S55
100 1# - MAIN ENTRY--PERSONAL NAME
Personal name Siddiqi, Ozair Ahmed,
Dates associated with a name 1919-
245 10 - TITLE STATEMENT
Title Sabāā sabz bāgh.
260 ## - PUBLICATION, DISTRIBUTION, ETC.
Date of publication, distribution, etc. 1965
300 ## - PHYSICAL DESCRIPTION
Extent 208 p.
Dimensions 22 cm.
500 ## - GENERAL NOTE
General note In Urdu.
650 #0 - SUBJECT ADDED ENTRY--TOPICAL TERM
Topical term or geographic name entry element Shiites

No items available.

Powered by Koha